000 00288 a2200145 4500
001 170623
020 _a
040 _cMagnum
100 _aHerrmann, Fabio
240 1 0 _aO que e psicanalise
_lpor
245 1 0 _aO que e psicanalise
362 0 _a1899
697 _aGERAL
942 _cBK
999 _c170623
_d170623